| Tag |
First Indicator |
Second Indicator |
Subfields |
| LEADER |
00000cam a2200000La 4500 |
| 001 |
in00001743713 |
| 005 |
20220105121636.0 |
| 006 |
m u |
| 007 |
cr cn- |
| 008 |
001021s1992 nyua sb 001 0 eng d |
| 010 |
|
|
|z 91041159
|
| 020 |
|
|
|a 0585294062 (electronic bk.) :
|c $18.95
|
| 020 |
|
|
|z 0815605218 (pbk.)
|
| 035 |
|
|
|a (OCoLC)ocm45731758
|
| 040 |
|
|
|a N$T
|c N$T
|d OCL
|d UtOrBLW
|
| 043 |
|
|
|a n-us---
|
| 049 |
|
|
|a IKMN
|
| 050 |
1 |
4 |
|a E184.I6
|b M36 1992eb
|
| 082 |
0 |
4 |
|a 973/.049162
|2 20
|
| 100 |
1 |
|
|a McCaffrey, Lawrence J.
|q (Lawrence John),
|d 1925-
|0 http://id.loc.gov/authorities/names/n50009227
|
| 245 |
1 |
0 |
|a Textures of Irish America /
|c Lawrence J. McCaffrey.
|
| 250 |
|
|
|a 1st ed.
|
| 264 |
|
1 |
|a Syracuse, N.Y. :
|b Syracuse University Press,
|c 1992.
|
| 300 |
|
|
|a xvi, 236 pages :
|b illustrations ;
|c 24 cm.
|
| 336 |
|
|
|a text
|b txt
|2 rdacontent
|
| 337 |
|
|
|a computer
|b c
|2 rdamedia
|
| 338 |
|
|
|a online resource
|b cr
|2 rdacarrier
|
| 490 |
1 |
|
|a Irish studies
|
| 504 |
|
|
|a Includes bibliographical references (pages 207-223) and index.
|
| 533 |
|
|
|a Electronic reproduction.
|b Boulder, Colo. :
|c NetLibrary,
|d 2000.
|n Available via World Wide Web.
|n Access may be limited to NetLibrary affiliated libraries.
|
| 500 |
|
|
|a Electronic resource.
|
| 650 |
|
0 |
|a Irish Americans
|x History.
|0 http://id.loc.gov/authorities/subjects/sh2008123065
|
| 651 |
|
0 |
|a Ireland
|x Emigration and immigration.
|0 http://id.loc.gov/authorities/subjects/sh2008115499
|
| 655 |
|
7 |
|a Electronic books.
|2 local
|
| 710 |
2 |
|
|a NetLibrary, Inc.
|0 http://id.loc.gov/authorities/names/no99080690
|
| 776 |
1 |
|
|c Original
|w (DLC) 91041159
|w (OCoLC)24795829
|
| 830 |
|
0 |
|a Irish studies (Syracuse, N.Y.)
|0 http://id.loc.gov/authorities/names/n42036230
|
| 856 |
4 |
1 |
|u https://proxy.library.tamu.edu/login?url=http://www.netLibrary.com/urlapi.asp?action=summary&v=1&bookid=33890
|z Connect to the full text of this electronic book
|t 0
|
| 994 |
|
|
|a 92
|b IKM
|
| 999 |
|
|
|a MARS
|
| 999 |
f |
f |
|s 99e067d5-a0e9-3ecb-9434-2e634ab4b6da
|i 25ce4764-230d-3373-a49d-0023e28eaa0d
|t 0
|
| 952 |
f |
f |
|a Texas A&M University
|b College Station
|c Electronic Resources
|d Available Online
|t 0
|e E184.I6 M36 1992eb
|h Library of Congress classification
|
| 998 |
f |
f |
|a E184.I6 M36 1992eb
|t 0
|l Available Online
|